US State Capital Locations #3 - Multiple Choice - Statistics

General Stats
  • This quiz has been taken 6 times
  • The average score is 8 of 12
Answer Stats
Question Answer % Correct
Where is the capital of Indiana?
100%
Where is the capital of Arizona?
83%
Where is the capital of Pennsylvania?
83%
Where is the capital of New York?
67%
Where is the capital of Minnesota?
67%
Where is the capital of Georgia?
67%
Where is the capital of Utah?
67%
Where is the capital of Delaware?
50%
Where is the capital of Nebraska?
50%
Where is the capital of South Dakota?
50%
Where is the capital of Vermont?
33%
Where is the capital of West Virginia?
33%
No matching quizzes found
Score Distribution
Percent of People with Each Score
Percentile by Number Answered
Your Score History
You have not taken this quiz